Catálogo público

Management of south Texas mixed brush with herbicides / (Record no. 164062)

MARC details
000 -CABECERA
campo de control de longitud fija 00763nam a2200289Ia 4500
001 - NÚMERO DE CONTROL
campo de control Z_986
003 - IDENTIFICADOR DEL NÚMERO DE CONTROL
campo de control CHAP
008 - DATOS DE LONGITUD FIJA--INFORMACIÓN GENERAL
campo de control de longitud fija 220113s198X xx 000 0 und d
010 ## - NÚMERO DE CONTROL DE LA BIBLIOTECA DEL CONGRESO
Número de control de LC 164062
040 ## - FUENTE DE LA CATALOGACIÓN
Centro/agencia transcriptor CHAP
090 ## - LOCALMENTE ASIGNADO TIPO-LC NÚMERO DE CLASIFICACIÓN (OCLC); NÚMERO DE CLASIFICACIÓN LOCAL (RLIN)
Número de clasificación (OCLC) (R) ; Numero de clasificación, CALL (RLIN) (NR) Folleto 227
100 ## - ENTRADA PRINCIPAL--NOMBRE DE PERSONA
Nombre de persona Seifres, C J
9 (RLIN) 103753
245 ## - MENCIÓN DE TÍTULO
Título Management of south Texas mixed brush with herbicides /
Mención de responsabilidad, etc. by C.J. Scifres [and others]
260 ## - PUBLICACIÓN, DISTRIBUCIÓN, ETC.
Lugar de publicación, distribución, etc. College Station, Texas :
Nombre del editor, distribuidor, etc. Texas A & M University,
Fecha de publicación, distribución, etc. 198X
300 ## - DESCRIPCIÓN FÍSICA
Extensión 66 p. : gráfs.
440 ## - MENCIÓN DE SERIE/PUNTO DE ACCESO ADICIONAL--TÍTULO
Título Texas Agr. Exp. Sta. ; B-1623
9 (RLIN) 138122
500 ## - NOTA GENERAL
Nota general
503 ## - NOTA DE HISTORIA BIBLIOGRÁFICA (BK CF MU) [OBSOLETO]
Nota de historia bibliográfica
650 ## - PUNTO DE ACCESO ADICIONAL DE MATERIA--TÉRMINO DE MATERIA
Término de materia o nombre geográfico como elemento de entrada Baccharis
9 (RLIN) 9272
650 ## - PUNTO DE ACCESO ADICIONAL DE MATERIA--TÉRMINO DE MATERIA
Término de materia o nombre geográfico como elemento de entrada Herbicidas I. t.
9 (RLIN) 138123
901 ## - ELEMENTOS DE DATOS A LOCAL LDA (RLIN)
a Folleto 227
902 ## - ELEMENTOS DE DATOS B LOCAL, LDB (RLIN)
a A
910 ## - DATOS DE OPCIÓN DEL USUARIO (OCLC)
Datos de opción del usuario 198X
942 ## - ELEMENTOS DE PUNTO DE ACCESO ADICIONAL (KOHA)
Tipo de ítem Koha
942 ## - ELEMENTOS DE PUNTO DE ACCESO ADICIONAL (KOHA)
Tipo de ítem Koha
Holdings
Estado de retiro Estado de pérdida Estado dañado No para préstamo Código de colección Localización permanente Ubicación/localización actual Ubicación en estantería Fecha de adquisición Información codificada de la localización en otra ubicación Total de préstamos Código de barras Fecha visto por última vez Número de copia Precio válido a partir de Tipo de ítem Koha Nota pública
        Folletos Zootecnia Zootecnia   09/11/2005 c14   z_A0212 18/01/2022 1 18/01/2022 Folleto 3